000 00671nam a22001937a 4500
999 _c8280
_d8280
008 201105b ||||| |||| 00| 0 eng d
040 _aBMS College of Architecture
100 _aKulkarni, Bhavana
245 _aUnderstanding the historic walled quarter through the process of urbanization
300 _a35p.
502 _8M.Arch (Habitat Design)
_NBMS College of Architecture, Visvesvaraya Technological University
_aDessertation
_d2019
650 _aUnderstanding the historic
650 _aUrbanization
700 _aMamtha P Raj
_eGuide
700 _aRachana D R
_eGuide
700 _aPooja S
_eGuide
700 _aSadashiv Chakravarthy
_eGuide
942 _2ddc
_cTHE